Reverse Dictionary #67 - Statistics

General Stats
  • This quiz has been taken 36 times
  • The average score is 16 of 25
Answer Stats
Definition First
Letter
Word % Correct
To deliberately not listen or pay attention to. I Ignore
100%
A portable or wearable timepiece. W Watch
97%
The amount of space between two points, usually geographical points, usually (but not necessarily) measured along a straight line. D Distance
93%
The period of time that has already happened, in contrast to the present and the future. P Past
93%
Having an absolute or (more often) relative lack of light. D Dark
90%
A chemical element (symbol Zn) with an atomic number of 30, a blue-silvery metal that is slightly brittle at room temperature and tarnishes slightly in moist air. Z Zinc
90%
To go or come into an enclosed or partially enclosed space. E Enter
83%
(zoology) A medium-sized rodent belonging to the genus Rattus. R Rat
83%
Of or relating to one of the large bodies of water separating the continents. O Oceanic
79%
A narrow cut or opening; a slot. S Slit
79%
(of an animal, especially a snake) secreting biological toxin, or capable of injecting biological toxin by means of a bite or sting. V Venomous
79%
The lower shaft of a feather, specifically the region lacking barbs. Q Quill
76%
A smell left by an animal that may be used for tracing. S Scent
72%
To give (bestow upon or confer, particularly in answer to prayer or request). G Grant
69%
Burning fiercely; on fire. A Ablaze
62%
To look thoroughly. S Search
55%
Prepared by heating in an oven or over a fire without covering, resulting in a crisp, possibly even slightly charred appearance. R Roasted
52%
Exceptionally clean; Impeccable and free from blemish. S Spotless
41%
Harmful; injurious. N Noxious
38%
Relating to thermal energy and conditions which produce it. H Hot
34%
Often in reference to a word or phrase: used so many times that it is commonplace, or no longer interesting or effective; worn out, hackneyed. T Trite
28%
Huge and bulky, heavily built; massive. H Hulking
24%
To put back to the initial state. R Reset
24%
(informal) Having or showing courage or spirit in trying circumstances. P Plucky
17%
Soaked with moisture or other liquid; saturated; sodden. S Soggy
14%
No matching quizzes found
Score Distribution
Percent of People with Each Score
Percentile by Number Answered
Your Score History
You have not taken this quiz